| 000 | 01346nam a22003737a 4500 | ||
|---|---|---|---|
| 003 | CHAP | ||
| 005 | 20220817042124.0 | ||
| 008 | 971013s1974 r 00010 d | ||
| 010 | _a35351 | ||
| 011 | _a36323 | ||
| 035 | _a40442 | ||
| 040 | _cCHAP | ||
| 082 |
_a628.53 _bO73 |
||
| 110 |
_aOrganismo Internacional de Energía Atómica _983512 |
||
| 245 | _aComparative studies of food and environmental contamination ; proceedings of a symposium... | ||
| 260 |
_aVienna : _bOIEA, _c1974 |
||
| 300 |
_a623 p. _b: ilus. ; gráfs. mapa |
||
| 490 | _aProceedings series | ||
| 590 |
_aBATCH-UPD _b10 _c20130110 _lUCH01 _h0904 |
||
| 590 |
_aBATCH-UPD _b10 _c20130410 _lUCH01 _h0532 |
||
| 590 |
_aBATCH-UPD _b10 _c20130913 _lUCH01 _h2328 |
||
| 590 |
_aCONVERSION _b10 _c20130109 _lUCH01 _h1320 |
||
| 650 | 1 | 4 |
_aAgua _xContaminación. _92351 |
| 650 | 1 | 4 |
_aAire _xContaminación. _93138 |
| 650 | 1 | 4 |
_aAlimentos _xContaminación. _94205 |
| 710 | 0 | _aFAO. | |
| 830 | 0 |
_aProceedings series _991731 |
|
| 901 | _aBK | ||
| 942 | _cLIBRO | ||
| 949 |
_a628.53 O73 _bBC _cLIBRO _d33724000025680 _eLIBRO _fc.3 _h33716 _i40442 _si |
||
| 949 |
_a628.53 O73 _bBC _cLIBRO _d33724000025698 _eLIBRO _fc.2 _h33035 _i40442 _si |
||
| 949 |
_a628.53 O73 _bBC _cLIBRO _d33724000025706 _eLIBRO _h31637 _i40442 _si |
||
| 949 |
_a628.53 O73 _bBC _cLIBRO _d33724000025714 _eLIBRO _fc.4 _h59820 _i40442 _si |
||
| 999 |
_c35351 _d35351 |
||